| 000 | 01293cad a22002055a 4500 | ||
|---|---|---|---|
| 001 | L152641 | ||
| 008 | 110407e2010 xxk 000 0 eng d | ||
| 035 | _a(Sirsi) u152641 | ||
| 041 | 0 | _aeng | |
| 245 | 0 | 0 |
_aFairstate Limited v General Enterprise & Management Limited and Atef Sarian _h[electronic resource] |
| 260 | _v2010 | ||
| 520 | _a[2010] EWHC 3072 (QB), 29 November 2010. Considers whether deficiencies in the drafting of a personal guarantee of a management contract can be cured or not. Claimant (F) owner of a block of flats entered into a management contract with defendant (G) whose obligations were guaranteed by (S), a director of G. F sought to recover an agreed fixed monthly sum from G and S. S claimed the guarantee was not binding on him as it was unclear. "Held": HC decided that the guarantee was ineffective and beyond rectification and would have to be rewritten to give it any meaning. | ||
| 590 | _aKA | ||
| 650 | 2 | 4 | _aFAIRSTATE LTD V GENERAL ENTERPRISE & MANAGEMENT LTD AND ANOTHER |
| 650 | 2 | 4 | _aSTATUTE OF FRAUDS 1677 S4 |
| 651 | 4 |
_aEngland and Wales _y1543- |
|
| 690 | _aPROPERTY-LEASEHOLD PROPERTY-LANDLORD AND TENANT | ||
| 856 | 4 | 0 |
_uhttps://www.bailii.org/ew/cases/EWHC/QB/2010/3072.html _zView the law report free of charge at www.bailii.org |
| 942 | _n0 | ||
| 999 |
_c83049 _d83049 |
||